[Event "Quebec op U1700"]
[Site "Montreal CAN"]
[Date "2004.07.24"]
[Round "9"]
[White "Gauthier-Raymond, Denis"]
[Black "Grenier, Jean-Pierre"]
[Result "0-1"]
[WhiteElo "1514"]
[BlackElo "1559"]
[PlyCount "54"]
[GameId "2160767911095185"]
[EventDate "2004.07.17"]
[EventType "swiss"]
[EventRounds "9"]
[EventCountry "CAN"]

1. d4 d5 2. c4 e6 3. Nc3 Nf6 4. Nf3 Nc6 5. Bg5 Be7 6. e3 a6 7. a3 dxc4 8. Bxc4 b5 9. Ba2 Bb7 10. Rc1 Nd5 11. Nxd5 Bxg5 12. Nxc7+ Qxc7 13. Nxg5 Qa5+ 14. Rc3 b4 15. Rc5 Qb6 16. O-O O-O 17. Qh5 h6 18. Bb1 Ne7 19. f4 Nf5 20. e4 Nxd4 21. axb4 Qxb4 22. Rc3 Qxb2 23. Rh3 Ne2+ 24. Kh1 Nxf4 25. Qg4 hxg5 26. Rhf3 Rac8 27. g3 Qg2# 0-1

[Event "Quebec op U2000"]
[Site "Montreal CAN"]
[Date "2004.07.17"]
[Round "1"]
[White "Bertrand, Daryl"]
[Black "Wing, Richard"]
[Result "1-0"]
[WhiteElo "1942"]
[BlackElo "1755"]
[PlyCount "53"]
[GameId "2160767911095186"]
[EventDate "2004.07.17"]
[EventType "swiss"]
[EventRounds "9"]
[EventCountry "CAN"]
[SourceTitle "EXT 2006"]
[Source "ChessBase"]
[SourceDate "2005.11.24"]
[SourceVersion "1"]
[SourceVersionDate "2005.11.24"]
[SourceQuality "1"]

1. e4 e5 2. Nf3 Nc6 3. Bc4 Nf6 4. Ng5 d5 5. exd5 Na5 6. Bb5+ c6 7. dxc6 bxc6 8. Be2 h6 9. Nf3 e4 10. Ne5 Bc5 11. c3 Bd6 12. d4 Qc7 13. b4 Nb7 14. Bf4 a5 15. b5 Nd8 16. O-O O-O 17. Bg3 Bb7 18. b6 Qb8 19. Nd2 Qc8 20. Bc4 Be7 21. Re1 Nd5 22. Nxe4 Nxb6 23. Ng6 Ba3 24. Nxf8 Nxc4 25. Qd3 Ba6 26. Nf6+ Kxf8 27. Re8# 1-0

[Event "Quebec op U2000"]
[Site "Montreal CAN"]
[Date "2004.07.17"]
[Round "1"]
[White "Marquis, Paul"]
[Black "Mendez, Michael"]
[Result "1-0"]
[WhiteElo "1937"]
[BlackElo "1754"]
[PlyCount "48"]
[GameId "2160767911095187"]
[EventDate "2004.07.17"]
[EventType "swiss"]
[EventRounds "9"]
[EventCountry "CAN"]
[SourceTitle "EXT 2006"]
[Source "ChessBase"]
[SourceDate "2005.11.24"]
[SourceVersion "1"]
[SourceVersionDate "2005.11.24"]
[SourceQuality "1"]

1. e4 e5 2. Nf3 Nc6 3. Bb5 Nge7 4. O-O g6 5. c3 Bg7 6. d4 O-O 7. dxe5 Nxe5 8. Nxe5 Bxe5 9. Bg5 Bg7 10. f4 c6 11. Bc4 Qb6+ 12. Kh1 Re8 13. Bb3 d5 14. Nd2 Be6 15. Bxe7 Rxe7 16. f5 Bd7 17. f6 Bh6 18. fxe7 Qe3 19. exd5 Re8 20. dxc6 Bxc6 21. Bxf7+ Kh8 22. Bxe8 Bxg2+ 23. Kxg2 Qg5+ 24. Kh1 Qxe7 1-0

[Event "Quebec op U2000"]
[Site "Montreal CAN"]
[Date "2004.07.17"]
[Round "1"]
[White "Nguyen, Anh Vu"]
[Black "Pilotte, Benoit"]
[Result "1/2-1/2"]
[WhiteElo "1544"]
[BlackElo "1793"]
[PlyCount "101"]
[GameId "2160767911095188"]
[EventDate "2004.07.17"]
[EventType "swiss"]
[EventRounds "9"]
[EventCountry "CAN"]

1. d4 Nf6 2. c4 g6 3. Nc3 Bg7 4. e4 d6 5. Nf3 O-O 6. Be2 e5 7. d5 Na6 8. O-O Nc5 9. Qc2 a5 10. Bg5 h6 11. Bxf6 Bxf6 12. Qd2 Bg7 13. a3 Nb3 14. Qe3 Nxa1 15. Rxa1 Qe7 16. Rf1 f5 17. exf5 gxf5 18. Nd2 Bd7 19. Bd1 c5 20. Na4 b5 21. Nb6 Rab8 22. Nxd7 Qxd7 23. cxb5 Qxb5 24. b3 Qb7 25. Be2 Kh7 26. Bc4 e4 27. Qh3 Bb2 28. a4 Qg7 29. Rb1 Bc3 30. Nf1 f4 31. Qe6 Be5 32. Re1 Rf6 33. Qh3 e3 34. fxe3 f3 35. Kh1 f2 36. Rb1 Rbf8 37. Nd2 Qg6 38. e4 Kh8 39. Rf1 Kg7 40. Be2 Kh8 41. Bf3 Bd4 42. Qg4 Qh7 43. Bd1 Rf4 44. Qg3 Be5 45. Qd3 Rh4 46. g3 Qg6 47. Kg2 Rhf4 48. Bf3 Bd4 49. Qe2 R4f6 50. Bg4 Rg8 51. Bf5 1/2-1/2

[Event "Quebec op U2000"]
[Site "Montreal CAN"]
[Date "2004.07.18"]
[Round "2"]
[White "Pilotte, Benoit"]
[Black "Trottier, Alain"]
[Result "1/2-1/2"]
[WhiteElo "1793"]
[BlackElo "1920"]
[PlyCount "67"]
[GameId "2160767911095190"]
[EventDate "2004.07.17"]
[EventType "swiss"]
[EventRounds "9"]
[EventCountry "CAN"]

1. d4 c6 2. e4 d5 3. Nc3 dxe4 4. Nxe4 Nd7 5. Nf3 Ngf6 6. Ng3 e6 7. Bd3 c5 8. c3 Be7 9. Qe2 Qc7 10. O-O a6 11. Re1 Nb6 12. Bg5 c4 13. Bc2 Nbd5 14. a4 Bd7 15. Ne5 Rc8 16. Nh5 O-O 17. Qf3 Bc6 18. Qh3 g6 19. Nxf6+ Nxf6 20. Qh6 Be8 21. Re3 Nh5 22. g4 Bxg5 23. Qxg5 f6 24. Qh6 fxe5 25. gxh5 Qf7 26. Rf1 exd4 27. hxg6 hxg6 28. cxd4 Qf4 29. Qh3 Bf7 30. Re4 Qf5 31. Qh6 Qh5 32. Qe3 Kg7 33. Bd1 Qf5 34. Bg4 1/2-1/2

[Event "Quebec op U2000"]
[Site "Montreal CAN"]
[Date "2004.07.19"]
[Round "4"]
[White "Crete, Michel"]
[Black "Bertrand, Daryl"]
[Result "0-1"]
[WhiteElo "1850"]
[BlackElo "1942"]
[PlyCount "60"]
[GameId "2160767911095193"]
[EventDate "2004.07.17"]
[EventType "swiss"]
[EventRounds "9"]
[EventCountry "CAN"]
[SourceTitle "EXT 2006"]
[Source "ChessBase"]
[SourceDate "2005.11.24"]
[SourceVersion "1"]
[SourceVersionDate "2005.11.24"]
[SourceQuality "1"]

1. d4 d6 2. e4 Nf6 3. Nc3 g6 4. Nf3 Bg7 5. h3 O-O 6. Be3 c6 7. a4 Qa5 8. Bd3 e5 9. O-O Nbd7 10. Rb1 exd4 11. Nxd4 Qb4 12. Nce2 d5 13. c3 Qe7 14. exd5 Nxd5 15. Bc1 Ne5 16. Be4 Nf6 17. Ng3 Nxe4 18. Nxe4 Rd8 19. Qe2 c5 20. Nb5 Be6 21. Bg5 f6 22. Nxf6+ Bxf6 23. Qxe5 Bxg5 24. Nc7 Bf5 25. Qxe7 Bxe7 26. Rbe1 Bd6 27. Nxa8 Bd3 28. Rd1 Bxf1 29. Kxf1 Kf7 30. b4 cxb4 0-1

[Event "Quebec op U2000"]
[Site "Montreal CAN"]
[Date "2004.07.20"]
[Round "5"]
[White "Pilotte, Benoit"]
[Black "Benoit-Deschamps, Jean-Marc"]
[Result "0-1"]
[WhiteElo "1793"]
[BlackElo "1903"]
[PlyCount "59"]
[GameId "2160767911095194"]
[EventDate "2004.07.17"]
[EventType "swiss"]
[EventRounds "9"]
[EventCountry "CAN"]

1. d4 Nf6 2. g4 d5 3. g5 Ne4 4. f3 Nd6 5. Nc3 e6 6. e4 Be7 7. exd5 Bxg5 8. Bxg5 Qxg5 9. Nh3 Qh5 10. Qe2 O-O 11. O-O-O exd5 12. Nf4 Qh6 13. Qd2 c6 14. Rg1 Nd7 15. h4 Nf6 16. Re1 Nh5 17. Nxh5 Qxh5 18. Re5 Nf5 19. Ne2 Qh6 20. Nf4 f6 21. Re2 Nxh4 22. Rh2 Bf5 23. Rg3 Kf7 24. Be2 Rfe8 25. c4 b5 26. cxb5 cxb5 27. Bd1 Rac8+ 28. Bc2 Rxc2+ 29. Qxc2 Qxf4+ 30. Qd2 0-1

[Event "Quebec op U2000"]
[Site "Montreal CAN"]
[Date "2004.07.21"]
[Round "6"]
[White "Malek, Omid"]
[Black "Fecteau, Denis"]
[Result "1-0"]
[WhiteElo "1920"]
[BlackElo "1659"]
[PlyCount "57"]
[GameId "2160767911095195"]
[EventDate "2004.07.17"]
[EventType "swiss"]
[EventRounds "9"]
[EventCountry "CAN"]
[SourceTitle "EXT 2006"]
[Source "ChessBase"]
[SourceDate "2005.11.24"]
[SourceVersion "1"]
[SourceVersionDate "2005.11.24"]
[SourceQuality "1"]

1. e4 d6 2. d4 Nf6 3. Nc3 g6 4. f3 Bg7 5. Be3 O-O 6. Qd2 c6 7. g4 e5 8. O-O-O Qa5 9. Kb1 b5 10. g5 Nh5 11. Bh3 Bxh3 12. Nxh3 b4 13. Ne2 c5 14. dxc5 dxc5 15. Qd5 Na6 16. Qc4 Rfd8 17. Nc1 Qb6 18. Nb3 Bf8 19. Nf2 Qe6 20. Qxe6 fxe6 21. Ng4 Bg7 22. Nxc5 Nxc5 23. Bxc5 a5 24. Bd6 Rac8 25. Bxe5 Rf8 26. Bxg7 Nxg7 27. Nf6+ Kh8 28. Rd7 Rcd8 29. Rhd1 1-0

[Event "Quebec op U2000"]
[Site "Montreal CAN"]
[Date "2004.07.22"]
[Round "7"]
[White "Gagnon, Boris"]
[Black "Sarra-Bournet, Marc"]
[Result "1-0"]
[WhiteElo "1965"]
[BlackElo "1776"]
[PlyCount "61"]
[GameId "2160767911095196"]
[EventDate "2004.07.17"]
[EventType "swiss"]
[EventRounds "9"]
[EventCountry "CAN"]
[SourceTitle "EXT 2006"]
[Source "ChessBase"]
[SourceDate "2005.11.24"]
[SourceVersion "1"]
[SourceVersionDate "2005.11.24"]
[SourceQuality "1"]

1. e4 e5 2. Nf3 Nc6 3. Bb5 a6 4. Ba4 Nf6 5. O-O Be7 6. Re1 b5 7. Bb3 d6 8. c3 O-O 9. h3 Na5 10. Bc2 c5 11. d4 Qc7 12. Nbd2 Bd7 13. Nf1 Rac8 14. dxe5 dxe5 15. Ne3 Rcd8 16. Qe2 Rfe8 17. g4 Be6 18. Nd2 c4 19. Nf5 Bc5 20. Nf1 Qb6 21. N1g3 Nb7 22. Qf3 Nd6 23. Nxg7 Kxg7 24. Bh6+ Kg6 25. g5 Bxf2+ 26. Kg2 Ng4 27. hxg4 f5 28. gxf5+ Kf7 29. fxe6+ Kxe6 30. Qxf2 Qxf2+ 31. Kxf2 1-0

[Event "Quebec op U2000"]
[Site "Montreal CAN"]
[Date "2004.07.23"]
[Round "8"]
[White "Obartel, Jacques"]
[Black "Kenanu, Dariush"]
[Result "0-1"]
[WhiteElo "1823"]
[BlackElo "1761"]
[PlyCount "66"]
[GameId "2160767911095197"]
[EventDate "2004.07.17"]
[EventType "swiss"]
[EventRounds "9"]
[EventCountry "CAN"]
[SourceTitle "EXT 2006"]
[Source "ChessBase"]
[SourceDate "2005.11.24"]
[SourceVersion "1"]
[SourceVersionDate "2005.11.24"]
[SourceQuality "1"]

1. d4 Nf6 2. c4 g6 3. Nf3 Bg7 4. g3 O-O 5. Bg2 d6 6. O-O Nbd7 7. Nc3 e5 8. e4 exd4 9. Nxd4 Ne5 10. b3 a6 11. f4 Neg4 12. h3 c5 13. Nde2 Nh6 14. g4 Nfxg4 15. hxg4 Bxg4 16. Bf3 Qh4 17. Qd3 f5 18. Bd2 Bd4+ 19. Be3 fxe4 20. Bxe4 Bxe2 21. Bd5+ Rf7 22. Nxe2 Ng4 23. Bxf7+ Kxf7 24. Rf2 Bxe3 25. Qd5+ Kg7 26. Qxb7+ Kh6 27. Qh1 Bxf2+ 28. Kg2 Re8 29. Qxh4+ Bxh4 30. Rh1 Rxe2+ 31. Kf3 Rh2 32. Rd1 Nf6 33. Rxd6 Rf2+ 0-1

[Event "Quebec op U2000"]
[Site "Montreal CAN"]
[Date "2004.07.24"]
[Round "9"]
[White "Benoit-Deschamps, Jean-Marc"]
[Black "Julien, Gabi"]
[Result "0-1"]
[WhiteElo "1903"]
[BlackElo "1778"]
[PlyCount "102"]
[GameId "2160767911095199"]
[EventDate "2004.07.17"]
[EventType "swiss"]
[EventRounds "9"]
[EventCountry "CAN"]
[SourceTitle "EXT 2006"]
[Source "ChessBase"]
[SourceDate "2005.11.24"]
[SourceVersion "1"]
[SourceVersionDate "2005.11.24"]
[SourceQuality "1"]

1. d4 Nf6 2. c4 g6 3. Nc3 Bg7 4. e4 d6 5. f4 O-O 6. Nf3 c5 7. d5 e6 8. Be2 exd5 9. cxd5 Re8 10. Nd2 a6 11. a4 Ng4 12. Bxg4 Qh4+ 13. g3 Qxg4 14. Qxg4 Bxg4 15. h3 Bc8 16. Kf2 Nd7 17. Kf3 Rb8 18. Nc4 Bf8 19. a5 b5 20. axb6 Nxb6 21. Na5 Na8 22. e5 dxe5 23. Ne4 Bg7 24. Ra3 Nc7 25. Nc6 Rb5 26. Nd6 Bb7 27. Nxe8 Nxe8 28. fxe5 Nc7 29. Rd1 Nxd5 30. Nd8 Nc3+ 31. Nxb7 Nxd1 32. Nd6 Rb6 33. Ra2 Bxe5 34. Nc4 Rb3+ 35. Ke2 Bxb2 36. Bxb2 Nxb2 37. Rxb2 Rxg3 38. Rb6 Rxh3 39. Rxa6 Rh4 40. Ne3 h5 41. Rc6 Rf4 42. Rxc5 Kg7 43. Ng2 Re4+ 44. Kf3 Re6 45. Nf4 Rf6 46. Kg3 Kh6 47. Nh3 Ra6 48. Rc7 f6 49. Rc8 Ra3+ 50. Kg2 g5 51. Rh8+ Kg6 0-1

[Event "Quebec op U2000"]
[Site "Montreal CAN"]
[Date "2004.07.24"]
[Round "9"]
[White "Bertrand, Daryl"]
[Black "Kenanu, Dariush"]
[Result "1-0"]
[WhiteElo "1942"]
[BlackElo "1761"]
[PlyCount "84"]
[GameId "2160767911095200"]
[EventDate "2004.07.17"]
[EventType "swiss"]
[EventRounds "9"]
[EventCountry "CAN"]
[SourceTitle "EXT 2006"]
[Source "ChessBase"]
[SourceDate "2005.11.24"]
[SourceVersion "1"]
[SourceVersionDate "2005.11.24"]
[SourceQuality "1"]

1. e4 Nc6 2. d4 d5 3. e5 f6 4. Bd3 Nxd4 5. Qh5+ g6 6. Bxg6+ hxg6 7. Qxh8 Be6 8. Na3 Qd7 9. Bd2 O-O-O 10. Bc3 Nc6 11. exf6 exf6 12. Ne2 d4 13. Rd1 Qf7 14. Bxd4 Nh6 15. Qxf6 Rxd4 16. Qxf7 Rxd1+ 17. Kxd1 Bxf7 18. Nb5 Ng4 19. Rf1 Bc5 20. h3 Nf6 21. f4 Nd5 22. Kc1 Ncb4 23. Rf3 Nxa2+ 24. Kd2 c6 25. Nbd4 Nf6 26. f5 gxf5 27. Rxf5 Ne4+ 28. Ke3 Bg6 29. Kxe4 Nb4 30. Ke5 Bxf5 31. Kxf5 Kd7 32. g4 Bxd4 33. Nxd4 c5 34. Ne6 Nxc2 35. Nxc5+ Kc6 36. Nd3 Ne3+ 37. Ke6 Ng2 38. g5 Nh4 39. Kf6 a5 40. g6 Nxg6 41. Kxg6 Kd6 42. h4 Ke7 1-0

[Event "Quebec op U2000"]
[Site "Montreal CAN"]
[Date "2004.07.24"]
[Round "9"]
[White "Fecteau, Denis"]
[Black "Perreault, Jacquelin"]
[Result "1-0"]
[WhiteElo "1659"]
[BlackElo "1809"]
[PlyCount "49"]
[GameId "2160767911095201"]
[EventDate "2004.07.17"]
[EventType "swiss"]
[EventRounds "9"]
[EventCountry "CAN"]
[SourceTitle "EXT 2006"]
[Source "ChessBase"]
[SourceDate "2005.11.24"]
[SourceVersion "1"]
[SourceVersionDate "2005.11.24"]
[SourceQuality "1"]

1. d4 Nf6 2. c4 e6 3. Nc3 Bb4 4. e3 b6 5. Bd3 Bb7 6. Nf3 Ne4 7. Qc2 f5 8. a3 Bxc3+ 9. bxc3 O-O 10. O-O Rf6 11. Nd2 Rh6 12. f3 Qh4 13. fxe4 Qxh2+ 14. Kf2 fxe4 15. Bxe4 Bxe4 16. Qxe4 Nc6 17. Ke2 Rg6 18. Rf2 Rf6 19. Rxf6 gxf6 20. Bb2 Kf7 21. Rf1 Rg8 22. Rf2 Ne7 23. Nf3 Qh6 24. Ne5+ Ke8 25. Qa8+ 1-0

[Event "Quebec op U2000"]
[Site "Montreal CAN"]
[Date "2004.07.24"]
[Round "9"]
[White "Gagnon, Boris"]
[Black "Vivier, Christian"]
[Result "0-1"]
[WhiteElo "1965"]
[BlackElo "1798"]
[PlyCount "36"]
[GameId "2160767911095202"]
[EventDate "2004.07.17"]
[EventType "swiss"]
[EventRounds "9"]
[EventCountry "CAN"]
[SourceTitle "EXT 2006"]
[Source "ChessBase"]
[SourceDate "2005.11.24"]
[SourceVersion "1"]
[SourceVersionDate "2005.11.24"]
[SourceQuality "1"]

1. e4 c6 2. d4 d5 3. Nc3 dxe4 4. Nxe4 Nd7 5. Nf3 Ngf6 6. Ng3 Qc7 7. Bd3 e5 8. Qe2 Bd6 9. Nf5 O-O 10. Nxd6 Qxd6 11. dxe5 Nxe5 12. Nxe5 Re8 13. f4 Bg4 14. Qf2 Ne4 15. Qh4 Qd4 16. Qxg4 Nf2 17. Qh4 Rxe5+ 18. Kf1 Nxd3 0-1

[Event "Quebec op U2000"]
[Site "Montreal CAN"]
[Date "2004.07.24"]
[Round "9"]
[White "Morissette, Jean-Sebastien"]
[Black "Levesque, Claude"]
[Result "0-1"]
[WhiteElo "1850"]
[BlackElo "1777"]
[PlyCount "40"]
[GameId "2160767911095203"]
[EventDate "2004.07.17"]
[EventType "swiss"]
[EventRounds "9"]
[EventCountry "CAN"]
[SourceTitle "EXT 2006"]
[Source "ChessBase"]
[SourceDate "2005.11.24"]
[SourceVersion "1"]
[SourceVersionDate "2005.11.24"]
[SourceQuality "1"]

1. b3 Nf6 2. Bb2 c5 3. Nf3 b6 4. e3 Bb7 5. d4 e6 6. Nbd2 Be7 7. c4 O-O 8. Bd3 Nc6 9. Rc1 cxd4 10. exd4 d5 11. O-O Rc8 12. Ne5 Nxd4 13. Bxd4 dxc4 14. Ndxc4 b5 15. Nxf7 Rxf7 16. Ne5 Rxc1 17. Qxc1 Qxd4 18. Qg5 Ne4 19. Qe3 Qxe5 20. Re1 Bc5 0-1

[Event "Quebec op blitz"]
[Site "Montreal CAN"]
[Date "2004.07.24"]
[Round "1.1"]
[White "Berube, Antoine"]
[Black "Korchnoi, Viktor"]
[Result "0-1"]
[WhiteElo "2107"]
[BlackElo "2800"]
[PlyCount "114"]
[GameId "2160767911094943"]
[EventDate "2004.07.24"]
[EventType "swiss (blitz)"]
[EventRounds "16"]
[EventCountry "CAN"]

1. d4 Nf6 2. c4 e6 3. Nc3 Bb4 4. e3 b6 5. Bd3 Bb7 6. Nf3 O-O 7. O-O c5 8. Na4 Qe7 9. a3 Ba5 10. Rb1 Rc8 11. Bd2 Bxd2 12. Nxd2 cxd4 13. exd4 d6 14. b4 Nbd7 15. Qe2 Qe8 16. Nc3 e5 17. d5 Nf8 18. Nce4 Nxe4 19. Nxe4 Rd8 20. Qg4 Qe7 21. Rbe1 Bc8 22. Qh5 f5 23. Ng3 g6 24. Qe2 Qg7 25. f4 e4 26. Bb1 Qd4+ 27. Kh1 Bd7 28. Rd1 Qc3 29. Qa2 Ba4 30. Rc1 Qg7 31. Ne2 Be8 32. Qd2 Rac8 33. Qd4 Qe7 34. Rc3 Nd7 35. Rfc1 Nf6 36. Ba2 Bf7 37. Ng3 Re8 38. Nf1 Nh5 39. Qf2 Qf6 40. Ne3 Kh8 41. R3c2 Qg7 42. g4 fxg4 43. Nxg4 Nf6 44. Nxf6 Qxf6 45. Re1 Re7 46. Re3 Rce8 47. Rce2 g5 48. fxg5 Qxg5 49. Qg2 Qh6 50. Bb1 Bh5 51. Re1 Bf3 52. Rxf3 exf3 53. Qb2+ Qg7 54. Qxg7+ Kxg7 55. Rf1 Re1 56. Kg1 R8e2 57. h4 Rg2+ 0-1

[Event "Quebec op blitz"]
[Site "Montreal CAN"]
[Date "2004.07.24"]
[Round "1.2"]
[White "Korchnoi, Viktor"]
[Black "Berube, Antoine"]
[Result "1-0"]
[WhiteElo "2800"]
[BlackElo "2104"]
[PlyCount "95"]
[GameId "2160767911094945"]
[EventDate "2004.07.24"]
[EventType "swiss (blitz)"]
[EventRounds "16"]
[EventCountry "CAN"]

1. d4 d5 2. c4 c6 3. Nc3 Nf6 4. e3 e6 5. b3 Nbd7 6. Bb2 Bd6 7. Nf3 O-O 8. Bd3 dxc4 9. bxc4 e5 10. O-O Qe7 11. Qc2 h6 12. a4 Re8 13. Nd2 b6 14. Nce4 Bb7 15. Nxd6 Qxd6 16. Ba3 c5 17. d5 Rad8 18. e4 Nf8 19. Bb2 Bc8 20. f4 Ng6 21. f5 Nf4 22. g3 Nxd3 23. Qxd3 Kh7 24. Rf3 Rf8 25. Raf1 g5 26. Nb1 Ba6 27. Nc3 Qd7 28. Bc1 Qd6 29. R3f2 Qc7 30. Ra2 Rd6 31. Rff2 Nd7 32. g4 Nf6 33. h3 Nd7 34. h4 gxh4 35. Rh2 Rg8 36. Rxh4 Qd8 37. Qh3 Bxc4 38. Rxh6+ Kg7 39. Rxd6 Rh8 40. Bh6+ Kg8 41. Rh2 Qe7 42. Bg5 Rxh3 43. Bxe7 Rxc3 44. Rxd7 Rc1+ 45. Kf2 Rc2+ 46. Kg3 Rc3+ 47. Kh4 Bd3 48. Kg5 1-0

[Event "Quebec op blitz"]
[Site "Montreal CAN"]
[Date "2004.07.24"]
[Round "2.1"]
[White "Castaneda, Nelson"]
[Black "Kortschnoj, Viktor Lvovich"]
[Result "0-1"]
[WhiteElo "2288"]
[BlackElo "2568"]
[PlyCount "89"]
[GameId "2160767911094947"]
[EventDate "2004.07.24"]
[EventType "swiss (blitz)"]
[EventRounds "16"]
[EventCountry "CAN"]
[SourceTitle "CBM 101 Extra"]
[Source "ChessBase"]
[SourceDate "2004.09.01"]
[SourceVersion "2"]
[SourceVersionDate "2004.09.01"]
[SourceQuality "1"]

1. d4 Nf6 2. c4 e6 3. Nc3 Bb4 4. Qc2 O-O 5. a3 Bxc3+ 6. Qxc3 d6 7. f3 c5 8. dxc5 dxc5 9. Bg5 Nc6 10. e4 e5 11. Rd1 Qe7 12. Bd3 Re8 13. Qc1 h6 14. Be3 Nd4 15. Ne2 Nh5 16. O-O Be6 17. b4 Rac8 18. Bxd4 cxd4 19. f4 Bg4 20. fxe5 Qxe5 21. Rde1 f5 22. h3 Bxe2 23. Rxf5 Bxd3 24. Rxe5 Rxe5 25. c5 Nf6 26. Qd2 Bxe4 27. Qxd4 Rce8 28. a4 Rd5 29. Qc4 Kh7 30. b5 Bd3 31. Qc3 Rxe1+ 32. Qxe1 Rxc5 33. Qe3 Rd5 34. Qxa7 Rd7 35. Qc5 h5 36. Qc8 Kg6 37. Qc5 Be4 38. Qe3 Rd3 39. Qf4 Rb3 40. g4 Rxh3 41. g5 Rh1+ 42. Kf2 Ng4+ 43. Kg3 Rg1+ 44. Kh3 Bf5 45. Qd6+ 0-1

[Event "Quebec op blitz"]
[Site "Montreal CAN"]
[Date "2004.07.24"]
[Round "5.2"]
[White "Kortschnoj, Viktor Lvovich"]
[Black "Burnett, Ronald"]
[Result "1/2-1/2"]
[WhiteElo "2568"]
[BlackElo "2439"]
[PlyCount "86"]
[GameId "2160767911094954"]
[EventDate "2004.07.24"]
[EventType "swiss (blitz)"]
[EventRounds "16"]
[EventCountry "CAN"]
[SourceTitle "CBM 101 Extra"]
[Source "ChessBase"]
[SourceDate "2004.09.01"]
[SourceVersion "2"]
[SourceVersionDate "2004.09.01"]
[SourceQuality "1"]

1. d4 Nf6 2. c4 e6 3. Nf3 b6 4. Nc3 Bb4 5. Bg5 h6 6. Bh4 Bb7 7. e3 Bxc3+ 8. bxc3 d6 9. a4 Nc6 10. Nd2 Na5 11. c5 g5 12. Bg3 dxc5 13. dxc5 h5 14. h4 Ng4 15. Bb5+ Kf8 16. Nf3 gxh4 17. Qxd8+ Rxd8 18. Bxc7 Rc8 19. cxb6 axb6 20. Bxb6 Nc4 21. Bxc4 Rxc4 22. Rxh4 Bxf3 23. gxf3 Nxe3 24. Rxc4 Nxc4 25. a5 Ke7 26. Bc5+ Kd7 27. a6 Kc6 28. Be3 h4 29. Kf1 h3 30. Kg1 Ne5 31. Kh2 Nxf3+ 32. Kg3 h2 33. Rh1 Ng1 34. Rxh2 Ne2+ 35. Kg2 Rxh2+ 36. Kxh2 Nxc3 37. Kg3 Nd5 38. Bd4 Nc7 39. a7 Kb7 40. Kf4 Nb5 41. Bc5 Nxa7 42. Ke5 Nb5 43. Kf6 Kc6 1/2-1/2

[Event "Quebec op blitz"]
[Site "Montreal CAN"]
[Date "2004.07.24"]
[Round "6.2"]
[White "Kortschnoj, Viktor Lvovich"]
[Black "Nataf, Igor A"]
[Result "1/2-1/2"]
[WhiteElo "2568"]
[BlackElo "2553"]
[PlyCount "146"]
[GameId "2160767911094956"]
[EventDate "2004.07.24"]
[EventType "swiss (blitz)"]
[EventRounds "16"]
[EventCountry "CAN"]
[SourceTitle "CBM 101 Extra"]
[Source "ChessBase"]
[SourceDate "2004.09.01"]
[SourceVersion "2"]
[SourceVersionDate "2004.09.01"]
[SourceQuality "1"]

1. d4 Nf6 2. c4 g6 3. Nc3 Bg7 4. e4 O-O 5. Be2 d6 6. Bg5 a6 7. f4 c5 8. d5 b5 9. cxb5 axb5 10. e5 b4 11. exf6 exf6 12. Bh4 bxc3 13. bxc3 Qa5 14. Qd2 f5 15. Rc1 Qxa2 16. Rc2 Qa7 17. Nf3 Nd7 18. O-O Nf6 19. Bxf6 Bxf6 20. c4 Re8 21. Bd3 Bd7 22. Kh1 Rab8 23. Ra2 Qb7 24. h3 h5 25. Kh2 Qb3 26. Ra6 Qb7 27. Ra2 Ra8 28. Rb1 Qc7 29. h4 Kg7 30. Qc2 Rxa2 31. Qxa2 Re3 32. Qd2 Bd4 33. Bc2 Qa7 34. Nxd4 cxd4 35. Rd1 Rc3 36. Bd3 Qc5 37. Bf1 Ba4 38. Qxd4+ Qxd4 39. Rxd4 Bb3 40. Rd3 Rc1 41. Rxb3 Rxf1 42. g3 Rf2+ 43. Kh3 Rc2 44. Rb6 Rxc4 45. Rxd6 Rd4 46. Kg2 Rd2+ 47. Kf3 Rd3+ 48. Kf2 Kf8 49. Rd7 Ke8 50. Ra7 Rxd5 51. Ra2 Rd3 52. Re2+ Kf8 53. Rc2 Kg7 54. Re2 Ra3 55. Rc2 Ra6 56. Rb2 Re6 57. Rc2 Kf6 58. Rb2 Ke7 59. Rc2 Rd6 60. Re2+ Kd7 61. Rc2 f6 62. Rb2 Ke6 63. Rc2 Rd7 64. Rc6+ Kf7 65. Ke3 Re7+ 66. Kf3 Ra7 67. Rd6 Ra3+ 68. Kf2 Ra8 69. Rc6 Re8 70. Rb6 Kg7 71. Rc6 Rf8 72. Rb6 Rf7 73. Rc6 Re7 1/2-1/2

[Event "Quebec op blitz"]
[Site "Montreal CAN"]
[Date "2004.07.24"]
[Round "7.2"]
[White "Mikhalevski, Victor"]
[Black "Kortschnoj, Viktor Lvovich"]
[Result "1-0"]
[WhiteElo "2551"]
[BlackElo "2568"]
[PlyCount "61"]
[GameId "2160767911094958"]
[EventDate "2004.07.24"]
[EventType "swiss (blitz)"]
[EventRounds "16"]
[EventCountry "CAN"]
[SourceTitle "CBM 101 Extra"]
[Source "ChessBase"]
[SourceDate "2004.09.01"]
[SourceVersion "2"]
[SourceVersionDate "2004.09.01"]
[SourceQuality "1"]

1. d4 Nf6 2. c4 e6 3. g3 c5 4. d5 exd5 5. cxd5 b5 6. Bg2 d6 7. Nf3 g6 8. O-O Bg7 9. e4 O-O 10. e5 dxe5 11. Nxe5 Bb7 12. Nc6 Qb6 13. Ne7+ Kh8 14. Bf4 Nh5 15. Bxb8 Raxb8 16. Nc3 Rbd8 17. Qb3 a6 18. Nc6 c4 19. Qc2 Rde8 20. Rfe1 Nf6 21. Ne5 Qd6 22. f4 b4 23. Na4 c3 24. bxc3 bxc3 25. Qxc3 Rc8 26. Qd2 Nxd5 27. Rad1 Qa3 28. Bxd5 Bxd5 29. Qxd5 Bxe5 30. Qxe5+ f6 31. Qd4 1-0

[Event "Quebec op blitz"]
[Site "Montreal CAN"]
[Date "2004.07.24"]
[Round "8.1"]
[White "Kortschnoj, Viktor Lvovich"]
[Black "Bolduc, Steve"]
[Result "1-0"]
[WhiteElo "2568"]
[BlackElo "2255"]
[PlyCount "127"]
[GameId "2160767911094959"]
[EventDate "2004.07.24"]
[EventType "swiss (blitz)"]
[EventRounds "16"]
[EventCountry "CAN"]
[SourceTitle "CBM 101 Extra"]
[Source "ChessBase"]
[SourceDate "2004.09.01"]
[SourceVersion "2"]
[SourceVersionDate "2004.09.01"]
[SourceQuality "1"]

1. d4 Nf6 2. c4 e6 3. Nf3 Bb4+ 4. Nbd2 d6 5. a3 Bxd2+ 6. Bxd2 Nc6 7. Bg5 Qe7 8. e3 a5 9. Nd2 e5 10. d5 Nb8 11. b4 Nbd7 12. e4 h6 13. Bh4 g5 14. Bg3 axb4 15. axb4 Rxa1 16. Qxa1 Nh5 17. Be2 Nf4 18. Bxf4 gxf4 19. Qa5 Nf6 20. O-O O-O 21. c5 Nh7 22. Rc1 f5 23. cxd6 cxd6 24. Qc7 Qd8 25. f3 Nf6 26. Bd3 Qxc7 27. Rxc7 Rd8 28. b5 Ne8 29. Rc3 Bd7 30. exf5 Ra8 31. b6 Kf7 32. Be4 Ra2 33. Nc4 Ra6 34. Kf2 Bb5 35. g3 fxg3+ 36. hxg3 Bxc4 37. Rxc4 Rxb6 38. g4 Kf6 39. Kg3 Rb2 40. Rc8 Ke7 41. Bd3 Rb4 42. Kh4 Kd7 43. Rc3 Rd4 44. Kh5 Rxd5 45. Kxh6 Ke7 46. g5 b5 47. f6+ Nxf6 48. gxf6+ Kxf6 49. Rb3 Rd4 50. Kh5 d5 51. Bxb5 e4 52. f4 e3 53. Kg4 Re4 54. Kf3 e2 55. Bxe2 d4 56. Kxe4 Ke7 57. Rb6 Kd7 58. f5 Ke7 59. f6+ Kf7 60. Bc4+ Ke8 61. f7+ Kf8 62. Rb8+ Ke7 63. f8=Q+ Kd7 64. Qd8+ 1-0